| 000 | 00834nam a2200229Ia 4500 | ||
|---|---|---|---|
| 003 | OSt | ||
| 005 | 20251230115021.0 | ||
| 008 | 210716s2016 xx 000 0 und d | ||
| 020 | _a9781784393670 | ||
| 040 | _cAIMIT LIBRARY | ||
| 041 | _aeng | ||
| 082 |
_a005.764 _21 _bCHIL |
||
| 100 |
_aChin, Leo (Liang-Huan). _9249752 |
||
| 245 |
_aNumPy essentials: _bBoost your scientific and analytic capabilities in no time at all by discovering how to build real world applications with NumPy/ _cBy Leo (Liang- Huan ) Chin and Tanmay Dutta. |
||
| 250 | _a1st ed. | ||
| 260 |
_aMumbai : _bPackt Publishing Ltd , _c2016. |
||
| 300 |
_aiii,143 p.; _bPB _c24.5 cm. |
||
| 650 |
_aUsing numpy arrays _9249753 |
||
| 650 |
_aLinear algebra in Numpy _9249754 |
||
| 650 |
_aSpeeding up numpy with cython _9249755 |
||
| 942 |
_2ddc _cBK _k005.764 CHIL |
||
| 999 |
_c196702 _d196702 |
||